000 00565nam a2200193Ia 4500
005 20260114185718.0
008 008 260114s9999 xx 000 0 eng d
020 _a9781350362635
037 _aEBOOK
040 _aCRL
_beng
_cCRL
041 _aeng
_2eng
084 _qCRL
100 _aLionel K.J. Glassey
_9873455
245 4 _aThe Reigns of Charles II and James VII & II
260 _bBloomsbury
_c1997
856 _uhttps://doi.org/10.5040/9781350362635?locatt=label:secondary_bloomsburyCollections
942 _cEBOOK
999 _c1472403
_d1472403